Problemas de adaptación en la cristiandad actual / (Record no. 122610)

MARC details
000 -LEADER
campo de control de longitud fija 00627nam a2200193 4500
001 - NÚMERO DE CONTROL
campo de control 122610
003 - IDENTIFICADOR DE NÚMERO DE CONTROL
campo de control ES-MaACL
005 - FECHA Y HORA DE LA ÚLTIMA TRANSACCIÓN
campo de control 20230906192017.0
007 - CAMPO FIJO DE DESCRIPCIÓN FÍSICA--INFORMACIÓN GENERAL
campo de control de longitud fija t|
008 - DATOS DE LONGITUD FIJA--INFORMACIÓN GENERAL
campo de control de longitud fija 070214s1955 sp r ||||1| spa d
245 00 - MENCIÓN DEL TÍTULO
Título Problemas de adaptación en la cristiandad actual /
Mención de responsabilidad, etc. traducción española por Juan Oyarzun.
260 ## - PUBLICACIÓN, DISTRIBUCIÓN, ETC.
Lugar de publicación, distribución, etc. Bilbao :
Nombre del editor, distribuidor, etc. Desclée de Brouwer,
Fecha de publicación, distribución, etc. 1955.
300 ## - DESCRIPCIÓN FÍSICA
Extensión 286 p. ;
Dimensiones 18 cm.
490 1# - MENCIÓN DE SERIE
Mención de serie Bibliotecas de estudios pastorales ;
Designación de volumen o secuencia 8
700 1# - ENTRADA AGREGADA--NOMBRE PERSONAL
Nombre de persona Oyarzun, Juan.
9 (RLIN) 88052
830 0# - PUNTO DE ACCESO ADICIONAL DE SERIE-TÍTULO UNIFORME
Título uniforme Bibliotecas de estudios pastorales ;
Designación de volumen o secuencia 8
9 (RLIN) 218858
852 ## - LOCALIZACIÓN
Ubicación ES-MaACL
Número de control de estantería C-10624
Sublocalización o colección R.37709
Holdings
Estatus retirado Estado de pérdida Estado de daño No para préstamo Biblioteca de origen Biblioteca actual Ubicación en estantería Fecha de adquisición Fuente de adquisición Total de préstamos Signatura topográfica completa Código de barras Visto por última vez Precio de reemplazo Tipo de ítem Koha
        Biblioteca del Ateneo de Madrid Biblioteca del Ateneo de Madrid Sala Palomar 17/01/2008     C-10624 1127762 23/02/2023 23/02/2023 Libro impreso